000 00456nam a2200181Ia 4500
008 090124s9999 xx 000 0 und d
082 _b132423
100 _aदिवाण वृंदा
245 _a काळोख
250 _a1
260 _c2004
300 _a216
600 _aदिवाण वृंदा
630 _a काळोख
700 _aदिवाण वृंदा
730 _a काळोख
942 _cBOOK
999 _c178512
_d178512